| 000 | 01529cam a22002054a 4500 | ||
|---|---|---|---|
| 005 | 20250605164149.0 | ||
| 008 | 250528s ||||||||||||||||||||||||d | ||
| 035 | _a19307 | ||
| 020 | _a9600106053 | ||
| 040 |
_aGR-AtMCL _bgre _dGR-AtMCL _eAACR2 |
||
| 245 | 1 | _aΑγωγή της Προσχολικής Ηλικίας / Πρώτη Ανατύπωση | |
| 250 | _a1η | ||
| 260 |
_bGutenberg, _c1998 |
||
| 300 | _a248 | ||
| 520 | _aΟ σκοπός και τα καθήκοντα της προσχολικής αγωγής καθορίζονται από τους γενικούς σκοπούς και τα καθήκοντα της αγωγής, ανάλογα με τα χαρακτηριστικά γνωρίσματα της ηλικίας των παιδιών. Πρόλογος, Η Αγωγή ως Αντικείμενο της Προσχολικής Παιδαγωγικής, Φυσική Αγωγή, Το Παιχνίδι και η Βασική Δραστηριότητα του Παιδιού της Προσχολικής Ηλικίας, Διδακτικά Παιχνίδια, Νοητική Αγωγή και Ανάπτυξη στα Παιδιά της Προσχολικής Ηλικίας, Ηθικοπολιτιστική Αγωγή, Η Εργασιακή Αγωγή, Αισθητική Αγωγή, Οικογένεια - Νηπιαγωγείο - Σχολείο, Βιβλιογραφία. | ||
| 700 | 1 |
_aΣμαράγδα-Τσιαντζή Μαρία _95544 |
|
| 942 | _cBK | ||
| 999 |
_c4567 _d4567 |
||